<?xml version="1.0" encoding="UTF-8"?><?xml-stylesheet type="text/xsl" href="static/style.xsl"?><OAI-PMH xmlns="http://www.openarchives.org/OAI/2.0/" xmlns:xsi="http://www.w3.org/2001/XMLSchema-instance" xsi:schemaLocation="http://www.openarchives.org/OAI/2.0/ http://www.openarchives.org/OAI/2.0/OAI-PMH.xsd"><responseDate>2026-04-17T03:17:59Z</responseDate><request verb="GetRecord" identifier="oai:www.recercat.cat:2445/118926" metadataPrefix="marc">https://recercat.cat/oai/request</request><GetRecord><record><header><identifier>oai:recercat.cat:2445/118926</identifier><datestamp>2025-11-19T20:44:26Z</datestamp><setSpec>com_2072_1057</setSpec><setSpec>col_2072_478859</setSpec><setSpec>col_2072_478917</setSpec></header><metadata><record xmlns="http://www.loc.gov/MARC21/slim" xmlns:dcterms="http://purl.org/dc/terms/" xmlns:xsi="http://www.w3.org/2001/XMLSchema-instance" xmlns:doc="http://www.lyncode.com/xoai" xsi:schemaLocation="http://www.loc.gov/MARC21/slim http://www.loc.gov/standards/marcxml/schema/MARC21slim.xsd">
   <leader>00925njm 22002777a 4500</leader>
   <datafield ind2=" " ind1=" " tag="042">
      <subfield code="a">dc</subfield>
   </datafield>
   <datafield ind2=" " ind1=" " tag="720">
      <subfield code="a">Sanromà, Esteve</subfield>
      <subfield code="e">author</subfield>
   </datafield>
   <datafield ind2=" " ind1=" " tag="720">
      <subfield code="a">Ramos Lobo, Raúl</subfield>
      <subfield code="e">author</subfield>
   </datafield>
   <datafield ind2=" " ind1=" " tag="720">
      <subfield code="a">Simón Pérez, Hipólito J.</subfield>
      <subfield code="e">author</subfield>
   </datafield>
   <datafield ind2=" " ind1=" " tag="260">
      <subfield code="c">2018-01-09T13:05:34Z</subfield>
   </datafield>
   <datafield ind2=" " ind1=" " tag="260">
      <subfield code="c">2018-01-09T13:05:34Z</subfield>
   </datafield>
   <datafield ind2=" " ind1=" " tag="260">
      <subfield code="c">2008</subfield>
   </datafield>
   <datafield ind2=" " ind1=" " tag="520">
      <subfield code="a">La literatura sobre asimilación de los inmigrantes ha destacado la portabilidad imperfecta del capital humano. Recientemente, una serie de trabajos han abordado este tema desde la perspectiva de la sobreeducación. Enmarcado en esta literatura, el presente trabajo analiza la portabilidad del capital humano de los inmigrantes al mercado de trabajo español. Los resultados obtenidos señalan un distinto grado de transferibilidad del capital humano según origen geográfico, siendo superior la del capital humano acumulado en países de elevado desarrollo o de cultura e idioma próximos y menor la del procedente de países en desarrollo y culturas distantes. La evidencia es relativamente dispar para ambos componentes del capital humano: mientras que ello es especialmente claro para los estudios, resulta menos evidente para la experiencia. Se confirma, asimismo, para el caso español que los inmigrantes padecen una mayor sobreeducación, tanto en incidencia como en intensidad, y que ello implica una mayor penalización salarial relativa, con resultados siempre peores para inmigrantes del segundo grupo de países. A medida que los inmigrantes prolongan su estancia en España existe un proceso de asimilación, excepto para asiáticos y en algunas especificaciones tampoco para los procedentes del África subsahariana, si bien la velocidad de asimilación es notablemente lenta.</subfield>
   </datafield>
   <datafield tag="653" ind2=" " ind1=" ">
      <subfield code="a">Emigració i immigració</subfield>
   </datafield>
   <datafield tag="653" ind2=" " ind1=" ">
      <subfield code="a">Mercat de treball</subfield>
   </datafield>
   <datafield tag="653" ind2=" " ind1=" ">
      <subfield code="a">Salaris</subfield>
   </datafield>
   <datafield tag="653" ind2=" " ind1=" ">
      <subfield code="a">Espanya</subfield>
   </datafield>
   <datafield tag="653" ind2=" " ind1=" ">
      <subfield code="a">Emigration and immigration</subfield>
   </datafield>
   <datafield tag="653" ind2=" " ind1=" ">
      <subfield code="a">Labor market</subfield>
   </datafield>
   <datafield tag="653" ind2=" " ind1=" ">
      <subfield code="a">Wages</subfield>
   </datafield>
   <datafield tag="653" ind2=" " ind1=" ">
      <subfield code="a">Spain</subfield>
   </datafield>
   <datafield ind2="0" ind1="0" tag="245">
      <subfield code="a">Portabilidad del capital humano y asimilación de los inmigrantes. Evidencia para España</subfield>
   </datafield>
</record></metadata></record></GetRecord></OAI-PMH>